Normal view
MARC view
Entry Topical Term
001 - CONTROL NUMBER
- control field: 851460
003 - CONTROL NUMBER IDENTIFIER
- control field: OSt
005 - DATE AND TIME OF LATEST TRANSACTION
- control field: 20251114142753.0
008 - FIXED-LENGTH DATA ELEMENTS
- fixed length control field: 251114|| aca||aabn | a|a d
040 ## - CATALOGING SOURCE
- Original cataloging agency: OSt
- Transcribing agency: OSt
150 ## - HEADING--TOPICAL TERM
- Topical term or geographic name entry element: History
670 ## - SOURCE DATA FOUND
- Source citation: Work cat.: (OSt)1464266: 846939, State, society and Islam in the Western regions of the Sahara: , 2024.
